000 00870nam a22002414a 4500
005 20080729164931.0
008 080416s2008 waua 001 0 eng
010 _aENG-91515
020 _c1000.00
035 _aEN-75048
037 _bDBAD / PUB
040 _aDPL
_bEnglish
082 _a327
100 _aGulam Mohammad Dar
245 _aAn introduction to international relations /
_cby Gulam Mohammad Dar
260 _aNew Delhi
_bRajat Publications
_c2008
270 _a4675/21, Ansari Raod, Daryaganj,
_bNew Delhi
_e110002
300 _av, 487p.
_c22cm (Hb)
500 _aIncludes bibliographical references and index
650 _aInternational relations
942 _2ddc
_cEN
_mGUL
_h327
999 _c18073
_d18073